=LDR 00000nam 2200000 4500 =001 INLIS000000000044102 =005 20131008104623 =008 ***********************************Ind** =035 ##$$0010-101300000002024 =041 ##$$a Ind =082 ##$$a F Rom d =090 ##$$a F Rom d, Buc p =100 ##$$a Buckley, Michael =245 ##$$a The sisters grimm, Petualangan detektive dongeng, Michael Buckley =260 ##$$a 2007 $b Bandung =300 ##$$a 320 hlm, 19 cm =650 ##$$a Drama =850 ##$$a NBPNMAT